000 01131nab a22002177a 4500
999 _c5611
_d5611
003 OSt
005 20251222113958.0
008 190429b xxu||||| |||| 00| 0 spa d
040 _cPJ
100 _96557
_aCarram, Moisés Naim
245 1 0 _aMarco normativo referente a la suplantación de identidad /
_cMoisés Naim Carram.
260 _cCiudad Autónoma de Buenos Aires :
_aThomson Reuters La Ley,
_b2025.
300 _ap. 113-121
500 _aCita: TR LALEY AR/DOC/1619/2025.
505 _aSumario: I. Introducción.— II. La suplantación de identidad en el derecho comparado.— III. Proyectos de leyes locales sobre suplantación de identidad.— IV. Normativa contravencional sobre suplantación de identidad.— V. Postura del autor.— VI. Conclusiones finales.
505 _tSi te interesa el texto completo, solicitalo a koha@justierradelfuego.gov.ar
650 0 _9343
_aDERECHO PENAL
650 0 _92345
_aDERECHO A LA IDENTIDAD
773 0 _02658
_93164
_tRevista de derecho penal y criminología. Nº 7 - Agosto 2025
_dCiudad Autónoma de Buenos Aires : Thomson Reuters La Ley, 2017-
_x00347914
942 _2udc
_cANA